| 000 | 00699cab a2200229 4500 | ||
|---|---|---|---|
| 001 | WB2649-05 | ||
| 008 | 090401t1990 xxu||||| |||| 00| 0 eng d | ||
| 035 | _a(Sirsi) u45761 | ||
| 041 | _aeng | ||
| 245 | _aTower blocks flout safety rules | ||
| 260 | _c1990 | ||
| 350 | _a0 | ||
| 490 |
_aBuilding _vvol 255 no 7677, 14/12/90 p12 |
||
| 520 | _aSafety checks carried out on seven tower blocks revealed that all the blocks failed to meet either the Building Regulations or British Standards . | ||
| 650 | _aCODES OF PRACTICE | ||
| 650 | _aCOUNCIL HOUSING | ||
| 650 | _aFIRE REGULATIONS | ||
| 650 | _aLOCAL AUTHORITIES | ||
| 690 | _aBUILT ENVIRONMENT | ||
| 942 | _n0 | ||
| 948 | _c04/03/1997 | ||
| 999 |
_c28956 _d28956 |
||